Tous les clubs ayant participé aux championnats de Nationale au Rugby - Statistiques

Statistiques générales
  • Ce quiz a été pris 28 fois
  • Le résultat moyen est 30 sur 51
Statistiques - réponses
Clubs Participants % Correct
Nice
95%
Albi
89%
Narbonne
89%
Rennes
89%
Tarbes
89%
Carcassonne
84%
Nîmes
84%
Bourg-en-Bresse
79%
Marcq-en-Baroeul
79%
Nantes
79%
Périgueux
79%
Valence-Romans
79%
Dax
74%
Soyaux-Angoulême
74%
Valence-d'Agen
74%
Auch
68%
Blagnac
68%
Bourgoin
68%
Chambéry
68%
Limoges
68%
Niort
68%
Anglet
63%
Cognac-Saint-Jean-d'Angély
63%
Dijon
63%
Orléans
63%
Rouen
63%
Massy
58%
Genève
53%
Graulhet
53%
Hyères-Carqueiranne
53%
Langon
53%
Suresnes
53%
Mâcon
47%
Saint-Jean-de-Luz
47%
Aubenas
42%
Bassin d'Arcachon
42%
Drancy-Saint-Denis
42%
Lannemezan
42%
Mauléon-Licharre
42%
Rumilly
42%
Fleurance
37%
La Seyne-sur-Mer
37%
Marmande
37%
Salles
37%
Tricastin
37%
Vienne
37%
Beaune
32%
Bédarrides-Châteauneuf
32%
Stade Métropolitain
32%
Floirac
26%
Tyrosse
26%
Aucun quiz correspondant
Distribution des résultats
% des personnes avec chaque résultat
Percentile par nombre de réponses
Votre historique - résultats
Vous n’avez pas pris ce quiz